| 000 | 00949nam a22002537a 4500 | ||
|---|---|---|---|
| 005 | 20150903110136.0 | ||
| 010 | _aENG-113443 | ||
| 020 |
_c350.00 _a9789350355244 |
||
| 035 | _aEN-96975 | ||
| 037 | _bDBAD/PUB | ||
| 082 | _a342.54087 | ||
| 100 | _aKirby, Michael D. | ||
| 245 |
_aSexual orientation & gender identity : _cby Michael D. Kirby _ba new province of law for India / |
||
| 246 | _aSexual orientation and gender identity | ||
| 260 |
_aDelhi _bUniversal Law Publishing _c2015 |
||
| 270 |
_aA-58, G.T. Karnal Road Industrial Area, _bDelhi _e110033 |
||
| 300 |
_axiii,266p. _c18cm(pbk) |
||
| 490 | _aTagore law lectures | ||
| 500 | _aSupported by Society of Indian Law Firms, Bar Association of India. | ||
| 500 | _aIncludes bibliographical references. | ||
| 650 |
_aHomosexuality _x Law and legislation _z India. |
||
| 650 |
_aGender identity _xLaw and legislation _z India. |
||
| 942 |
_2ddc _cEN _mKIR _h342.54087 |
||
| 999 |
_c94845 _d94845 |
||